000 00443 a2200181 4500
001 067603
003 OSt
005 20211216173628.0
008
082 _a515
_bL32C
100 1 _aLarson, Ron
245 1 _aCalculus and applied approach
_cby Ron Larson
250 _a8th ed.
260 _aNew Delhi
_bCengage Learning
_c2009
300 _a727p.
653 _aMathematics; Calculus
942 _2ddc
_cBK
999 _c1477
_d1477